|
|
|
|
| LEADER |
00000nam0a2200000 4500 |
| 001 |
104843 |
| 005 |
20231101214554.0 |
| 035 |
|
|
|a (RuTPU)RU\TPU\book\113053
|
| 090 |
|
|
|a 104843
|
| 100 |
|
|
|a 20061108d1967 k y0rusy50 ca
|
| 101 |
0 |
|
|a rus
|
| 102 |
|
|
|a RU
|
| 105 |
|
|
|a a dm 000zy
|
| 200 |
1 |
|
|a Исследование методов очистки производственных сточных вод предприятий тонкой керамики и способов обезвоживания образующихся осадков
|e автореферат диссертации на соискание ученой степени кандидата технических наук
|f В. В. Найденко
|g Горьковский инженерно-строительный институт ; науч. рук. П. И. Пискунов
|
| 210 |
|
|
|c Изд-во ТПИ
|d 1967
|a Горький
|
| 215 |
|
|
|a 35 с.
|c ил.
|
| 300 |
|
|
|a Защита сост. 2.12.1967 г.
|
| 610 |
1 |
|
|a сточные воды
|
| 610 |
1 |
|
|a промышленные сточные воды
|
| 610 |
1 |
|
|a очистка
|
| 610 |
1 |
|
|a тонкая керамика
|
| 610 |
1 |
|
|a предприятия
|
| 610 |
1 |
|
|a осадок
|
| 610 |
1 |
|
|a обезвоживание
|
| 610 |
1 |
|
|a авторефераты диссертаций
|
| 700 |
|
1 |
|a Найденко
|b В. В.
|
| 702 |
|
1 |
|a Пискунов
|b П. И.
|4 727
|
| 712 |
0 |
2 |
|a Горьковский инженерно-строительный институт
|2 stltpush
|3 (RuTPU)RU\TPU\col\8782
|9 24582
|
| 801 |
|
1 |
|a RU
|b 63413507
|c 20061108
|g PSBO
|
| 801 |
|
2 |
|a RU
|b 63413507
|c 20100310
|g PSBO
|
| 942 |
|
|
|c BK
|